| 000 | 00672nam a2200229Ia 4500 | ||
|---|---|---|---|
| 001 | b2588-23688 [2501] | ||
| 003 | IT-MiCISF | ||
| 008 | 161014s9999||||xx |||||||||||||| ||und|| | ||
| 040 |
_aIT-MiCISF _cIT-MiCISF |
||
| 041 | _ait | ||
| 100 | _aGrillone Walter | ||
| 245 | 0 | _aAids. Prevenzione, cura, assistenza | |
| 250 | _a1a ed. | ||
| 260 |
_a Torino _bCamilliane _c1991 |
||
| 300 | _app. 185 | ||
| 500 | _a / aids, terapia, prevenzione, morale, pastorale, legislazione, psicologia, salute-mentale, solidarietà, volontariato / | ||
| 650 | _asalute-cura | ||
| 700 | _aDavanzo Guido | ||
| 700 | _aFassino Secondo | ||
| 942 | _cBK | ||
| 957 | _71 | ||
| 999 |
_a23688 _bsi _g1 _c214870 _d214870 |
||